Phạm Sư Mạnh cuộc đời và thơ

Nội dung sách giới thiệu về cuộc đời, sự nghiệp và trước tác của cụ Phạm Sư Mạnh, nhà chính trị - quân sự, nhà ngoại giao và nhà thơ. Ông là học trò của Chu Văn An, đỗ Thái Học Sinh thời Trần Minh Tông (1314 - 1329), được cử đi sứ Nhà Nguy...

Celý popis

Uloženo v:
Podrobná bibliografie
Hlavní autor: Phạm, Sư Mạnh
Médium: Kniha
Jazyk:Undetermined
Vydáno: Hà Nội Đại học Sư phạm 2018
Témata:
Tagy: Přidat tag
Žádné tagy, Buďte první, kdo otaguje tento záznam!
Thư viện lưu trữ: Trung tâm Học liệu Trường Đại học Cần Thơ
LEADER 01068nam a2200205Ia 4500
001 CTU_227080
008 210402s9999 xx 000 0 und d
082 |a 959.704092 
082 |b M107 
100 |a Phạm, Sư Mạnh 
245 0 |a Phạm Sư Mạnh cuộc đời và thơ 
245 0 |c Phạm Sư Mạnh ; Nguyễn Thanh Tùng (khảo cứu và giới thiệu) 
260 |a Hà Nội 
260 |b Đại học Sư phạm 
260 |c 2018 
520 |a Nội dung sách giới thiệu về cuộc đời, sự nghiệp và trước tác của cụ Phạm Sư Mạnh, nhà chính trị - quân sự, nhà ngoại giao và nhà thơ. Ông là học trò của Chu Văn An, đỗ Thái Học Sinh thời Trần Minh Tông (1314 - 1329), được cử đi sứ Nhà Nguyên năm 1345. 
650 |a Tiểu sử,Thơ Việt Nam,Biography,Vietnamese poetry 
650 |x Nghiên cứu,Research 
910 |b dqhieu 
980 |a Trung tâm Học liệu Trường Đại học Cần Thơ